01108nam a22002177a 450000500170000000800410001702000180005804000070007604100080008308200220009110000320011324500470014526000560019230000270024836500620027552004570033765000360079470000290083094200120085999900190087120230105151145.0230105b ||||| |||| 00| 0 eng d a9788126902019 cAL aeng 223a823.914bMITS aRajeshwar Mittapalli968601 aSalman Rushdie new critical insights Vol.2 aNew DelhibAtlantic Publishers & Distributorsc2014 avi,217p.bHBc22x14cm. 2Generala1834b₹553.00c₹d₹650.00e15%f12-12-2022 aRushdie has put behind him the political and religious controversy that surrounded him in the aftermath of the appearance of The Satanic Verses. These two volumes endeavour to continue the literary-critical study of his works by bringing together some of the best critical essays written in the post-‘Verses controversy’ period. The essays present an honest assessment of Rushdie’s works by creatively engaging with the issues each of them raises 2FictionaEnglish Fiction968602 aKuortti Joel, Ed.968603 2ddccBK c226269d226269